书目信息 |
| 题名: |
中华民族的抗日战争
|
|
| 作者: | 罗焕章 , 支绍曾 著 | |
| 分册: | ||
| 出版信息: | 北京 军事科学出版社 1987 |
|
| 页数: | 507页 | |
| 开本: | 20cm | |
| 丛书名: | ||
| 单 册: | ||
| 中图分类: | E297.3 | |
| 科图分类: | ||
| 主题词: | 抗日战争--历史--中国 , 军事史--中国 , 战争史--中国 | |
| 电子资源: | ||
| ISBN: | 7-80021-006-5 | |
| 000 | 00749nam0 2200265 45 | |
| 001 | 0187008661 | |
| 005 | 20040422110958.1 | |
| 010 | @a7-80021-006-5@dCNY3.80 | |
| 100 | @a19900808d1987 emky0chiy0121 ea | |
| 101 | 0 | @achi |
| 102 | @aCN@b110000 | |
| 105 | @af z 000yd | |
| 106 | @ar | |
| 200 | 10 | @a中华民族的抗日战争@Azhong hua min zu de kang ri zhan zheng@f罗焕章, 支绍曾著 |
| 210 | @a北京@c军事科学出版社@d1987 | |
| 215 | @a507页@c图@d20cm | |
| 606 | @a抗日战争@x历史@y中国 | |
| 606 | 0 | @a军事史@x中国 |
| 606 | 0 | @a战争史@x中国 |
| 690 | @aE297.3 | |
| 701 | 0 | @a罗焕章@Aluo huan zhang@4著 |
| 701 | 0 | @a支绍曾@Azhi shao ceng@4著 |
| 801 | 0 | @aCN@b深圳图书馆@c20040422 |
| 801 | 2 | @aCN@bNLC@c20040422 |
| 905 | @f1@b214502@dE297.3@e27 | |
| 中华民族的抗日战争/罗焕章, 支绍曾著.-北京:军事科学出版社,1987 |
| 507页:图;20cm |
| ISBN 7-80021-006-5:CNY3.80 |
| ● |
| 相关链接 |
|
|
|
|
正题名:中华民族的抗日战争
索取号:E297.3/27
 
预约/预借
| 序号 | 登录号 | 条形码 | 馆藏地/架位号 | 状态 | 备注 |
| 1 | 0214502 | 001261048 | 第一借阅区/ [索取号:E297.3/27] | 在馆 | |
| 2 | 0214503 | 001261002 | 第一样本阅览室/ [索取号:E297.3/27] | 在馆 |